|
|
|
|
| LEADER |
01162nam a2200277 a 4500 |
| 001 |
14459123 |
| 008 |
130424s2008 mauab b 001 0 eng d |
| 010 |
|
|
|a 2006023787
|
| 020 |
|
|
|a 0070658986
|
| 020 |
|
|
|a 9780070658981
|
| 020 |
|
|
|a 0073051152
|
| 020 |
|
|
|a 9780073051154
|
| 040 |
|
|
|a DLC
|c DLC
|d BAKER
|d DLC
|d BD-DhAAL
|
| 082 |
0 |
0 |
|a 910.285
|2 22
|
| 100 |
1 |
|
|a Chang, Kang-Tsung.
|
| 245 |
1 |
0 |
|a Introduction to geographic information systems /
|c Kang-tsung Chang.
|
| 250 |
|
|
|a 4th ed.
|
| 260 |
|
|
|a Boston ;
|a New Delhi :
|b McGraw-Hill,
|c c2008.
|
| 300 |
|
|
|a xiv, 450 p. :
|b ill., maps ;
|c 24 cm. +
|e 1 CD-ROM (4 3/4 in.)
|
| 504 |
|
|
|a Includes bibliographical references and index.
|
| 541 |
1 |
|
|e 00026837
|
| 650 |
|
0 |
|a Geographic information systems.
|
| 852 |
1 |
|
|a Ayesha Abed Library
|j General Shelf.
|
| 999 |
|
|
|c 13356
|d 13356
|
| 952 |
|
|
|0 0
|1 0
|2 ddc
|4 0
|6 910_285000000000000_CHA
|7 0
|9 22261
|a IGS
|b IGS
|c GEN
|d 2012-04-27
|e Mullick & Brothers
|g 870.00
|l 0
|o 910.285 CHA
|p 3010026837
|r 2013-04-28
|t 1
|w 2012-04-27
|y BK
|
| 952 |
|
|
|0 0
|1 0
|2 ddc
|4 0
|6 910_285000000000000_CHA
|7 0
|9 22262
|a IGS
|b IGS
|c GEN
|d 2012-04-27
|e Mullick & Brothers
|l 0
|o 910.285 CHA
|p 4010026837
|r 2013-04-28
|t 1
|w 2012-04-27
|y AV
|